Teória a prax občianskej bezpečnosti v Slovenskej republike

Bibliographic Details
Main Author: Filip, Stanislav, 1952- (Author)
Format: Article
Language:Slovak
Subjects:

MARC

LEADER 00000nab a2200000 ar4500
001 vtls010030673
003 SK-MaSNL
005 20260304160729.0
008 250507c2009 xo fr|p|||||||000 b|slo
015 |a SNBRB2009/12  |2 snkbucl 
035 |a (uuid)2b7126b4-b8a9-4260-9e6a-aab3198f3b08 
035 |a urn:nbn:sk:snk-ab15a2 
035 |a (urnnbn)urn:nbn:sk:snk:ar-a06n4m 
038 |a SNKBUCL 
040 |a SNKBUCL  |b slo  |c SNKBUCL  |e AACR2 
041 0 |a slo  |b eng  |b slo 
044 |a xo  |c SK 
080 |a 351.75  |x (437.6)  |2 2001 
080 |a 355.45  |x (437.6)  |2 2001 
080 |a 342.7  |x (437.6)  |2 2001 
080 |a 351.749  |x (437.6)  |2 2001 
100 1 |a Filip, Stanislav,  |d 1952-  |4 aut  |9 236957 
245 1 0 |a Teória a prax občianskej bezpečnosti v Slovenskej republike  |c Filip Stanislav 
246 3 1 |a Theory and practice of citizen security in the Slovak Republic 
300 |b Sch. 
504 |a Bibliogr. odkazy 
546 |a Súbežný názov angl. ; res. angl., slov. 
650 0 7 |a ľudské práva  |2 snkbucl  |9 798 
650 0 7 |a osobná bezpečnosť  |2 snkbucl  |9 4159 
650 0 7 |a občianska bezpečnosť  |2 snkbucl  |9 832013 
650 0 7 |a bezpečnostná politika  |2 snkbucl  |9 1647 
651 7 |a Slovensko  |2 snkbucl 
773 0 |t Journal of Management and Business  |g Roč. 1, č. 1-2 (2009), s. 41-53  |x 1338-0494 
850 |a Slovenská národná knižnica 
852 |a Slovenská národná knižnica 
954 |a odborná, vedecká literatúra pôvodná (slovenská)  |2 lita 
958 |a article27 
958 |a NB 
958 |a SK 
958 |a OND 
958 |a EUIPO 
999 |c 2968607  |d 2970537